| 000 | 00386nam a22001457a 4500 | ||
|---|---|---|---|
| 003 | OSt | ||
| 005 | 20251021073754.0 | ||
| 008 | 251021b |||||||| |||| 00| 0 eng d | ||
| 020 | _a9789966361472 | ||
| 040 | _cLONGHORN PUBLISHERS LTD | ||
| 050 | _aPR 9381.9 .K34 2014 | ||
| 245 |
_aKIDNAP HILL _cKAHIGA, SAM |
||
| 260 |
_aNAIROBI KENYA _bLONGHORN PUBLISHERS LTD _c2014 |
||
| 942 |
_2lcc _cBK _n0 |
||
| 999 |
_c9649 _d9649 |
||